000 00680nam a2200241 a 4500
001
003 DO-SdBNP
005 20210824115148.0
008 181115s2016 dr 000 p spa d
020 _a9789945167207
040 _aDO-SdBNP
_bspa
_cBPMSU
082 _a RD861.5
_bB142m 2016
_222
100 1 _aBáez, Elsa
245 1 0 _aMi infierno /
_cElsa Báez.
260 _aSanto Domingo :
_bPoetas de la Era,
_c2016.
300 _a79 p. ;
_c23 cm.
500 _aIncluye datos biográficos de la autora en la solapa de la cubierta
590 _aInventariado, 2021/VM
650 4 _aPoesía dominicana
650 4 _aLiteratura dominicana
910 _aVMateo V.
942 _2ddc
_cBK
999 _c13679
_d13679